000 00951nam a22002297a 4500
001 44309
003 BD-RjUL
005 20220821115735.0
008 160716s1815 ii ||||| |||| 00| 0 ben d
035 _a(BD-RjUL)44427
040 _aBD-RjUL
_bben
_cBD-RjUL
041 _aben
082 _223
_a891.4408
_bRAM 1815
245 0 0 _aরামমোহন-গ্রন্থাবলী /
260 _aকলিকাতা :
_bবঙ্গীয়-সাহিত্য-পরিষৎ,
_c১৮১৫
300 _aবিভিন্ন পৃ. ;
_c২১ সেমি.
650 _aবাংলা সাহিত্য
_xসংগ্রহ
_9122902
650 _aBengali Literature
_xCollection
_9122903
700 _aবন্দ্যোপাধ্যায়, ব্রজেন্দ্রনাথ, সম্পাদক
_94427
700 _aদাস, সজনীকান্ত, সম্পাদক
_94428
942 _2ddc
_cBK
999 _c44309
_d44309